| 000 | 00483nam a2200193 u 4500 | ||
|---|---|---|---|
| 005 | 20240925070108.0 | ||
| 008 | 080225s2001 r 000 0 eng d | ||
| 020 | _a8475844650 | ||
| 035 | _aUPN01000154460 | ||
| 049 | _aCG | ||
| 050 | 4 |
_aBD232 _bB3.6 |
|
| 100 | 1 | _aBaell, Gustavo | |
| 245 | 1 | 3 |
_aLa niƱa colombiana / _cGustavo Baell. |
| 260 |
_aBarcelona, Esp. : _bLaertes, _c2001. |
||
| 300 | _a127 p. | ||
| 440 | 0 |
_aCamelot ; _v6 |
|
| 650 | 4 |
_aValores _9308 |
|
| 905 | _aLibro | ||
| 999 |
_c126577 _d126577 |
||